A room full of women /

Kaydedildi:
Detaylı Bibliyografya
Yazar: Nonas, Elisabeth (Yazar)
Materyal Türü: Kitap
Dil:İngilizce
Baskı/Yayın Bilgisi: Tallahassee, Fla. : Naiad Press, 1990
Edisyon:1st ed
Etiketler: Etiketle
Etiket eklenmemiş, İlk siz ekleyin!

MARC

LEADER 00000nam a22000007i 4500
001 IT\ICCU\UBO\1775449
003 ItRI
005 20260115231829.0
008 020711s1990 xxu|||||| ||||| |||||c
020 |a 094148369X 
040 |b ita  |c importazione bologna sebina 
041 7 |a eng  |2 ISO-639-2 
100 1 |a Nonas, Elisabeth  |0 IT\ICCU\UBOV\670113  |4 aut 
245 1 2 |a A room full of women /  |c Elisabeth Nonas. 
250 |a 1st ed 
260 |a Tallahassee, Fla. :  |b Naiad Press,  |c 1990 
300 |a 244 p. ;  |c 22 cm. 
942 |2 ddc  |c BK  |n 0 
952 |0 0  |1 0  |4 0  |6 L_813_000000000000000_NON  |7 0  |9 13757  |a BO  |b BO  |d 2026-01-15  |i 2480  |l 0  |o L 813 NON  |p BO2480  |r 2026-01-15 23:18:29  |w 2026-01-15  |x [Sebina 5] [1 v.]  |y BK  |z 1 v. 
999 |c 11833  |d 11833